Advanced Modern Engineering Mathematics / (Record no. 190)
[ view plain ]
| 000 -LEADER | |
|---|---|
| fixed length control field | 00517nam a2200169Ia 4500 |
| 008 - FIXED-LENGTH DATA ELEMENTS--GENERAL INFORMATION | |
| fixed length control field | 190805s9999||||xx |||||||||||||| ||und|| |
| 020 ## - INTERNATIONAL STANDARD BOOK NUMBER | |
| International Standard Book Number | 9789332575288 |
| Terms of availability | Rs. 849.00 |
| 082 04 - DEWEY DECIMAL CLASSIFICATION NUMBER | |
| Classification number | 510.2462 |
| Item number | J2311 |
| 100 1# - MAIN ENTRY--PERSONAL NAME | |
| Personal name | James, Glyn |
| 245 10 - TITLE STATEMENT | |
| Title | Advanced Modern Engineering Mathematics / |
| 250 ## - EDITION STATEMENT | |
| Edition statement | 4th ed. |
| 260 ## - PUBLICATION, DISTRIBUTION, ETC. (IMPRINT) | |
| Place of publication, distribution, etc | Noida : |
| Name of publisher, distributor, etc | Pearson India Education Ltd., |
| Date of publication, distribution, etc | 2016 |
| 300 ## - PHYSICAL DESCRIPTION | |
| Extent | xxii, 1036 p. |
| Other physical details | : ill. |
| Dimensions | ; 24 cm. |
| 650 #0 - SUBJECT ADDED ENTRY--TOPICAL TERM | |
| Topical term or geographic name as entry element | Engineering mathematics |
| Form subdivision | Textbooks |
| 852 ## - LOCATION/CALL NUMBER | |
| Location | |
| 942 ## - ADDED ENTRY ELEMENTS (KOHA) | |
| Item type | Books |
| Withdrawn status | Lost status | Damaged status | Not for loan | Collection code | Permanent location | Current location | Shelving location | Date acquired | Source of acquisition | Cost, normal purchase price | Total Checkouts | Full call number | Barcode | Date last seen | Date last borrowed | Koha item type | Public note |
|---|---|---|---|---|---|---|---|---|---|---|---|---|---|---|---|---|---|
| Mathematics | IMU Kochi Library | IMU Kochi Library | General Stacks | 2017-06-30 | Educational Supplies | 849.00 | 2 | 510.2462 J2311 | BK003713 | 2023-09-11 | 2023-09-11 | Books | Gen. Shelf-7, Row-4 | ||||
| Mathematics | IMU Kochi Library | IMU Kochi Library | General Stacks | 2017-06-30 | Educational Supplies | 849.00 | 1 | 510.2462 J2311 | BK003714 | 2024-10-10 | 2024-10-10 | Books | Gen. Shelf-7, Row-4 | ||||
| Mathematics | IMU Kochi Library | IMU Kochi Library | General Stacks | 2017-06-30 | Educational Supplies | 849.00 | 2 | 510.2462 J2311 | BK003715 | 2024-10-10 | 2024-10-10 | Books | Gen. Shelf-7, Row-4 | ||||
| Mathematics | IMU Kochi Library | IMU Kochi Library | General Stacks | 2017-06-30 | Educational Supplies | 849.00 | 510.2462 J2311 | BK003716 | 2019-08-05 | Books | Gen. Shelf-7, Row-4 | ||||||
| Mathematics | IMU Kochi Library | IMU Kochi Library | General Stacks | 2017-06-30 | Educational Supplies | 849.00 | 510.2462 J2311 | BK003712 | 2019-08-05 | Books | Gen. Shelf-7, Row-4 |